Statistiques concernant Rappeurs par lettre - C

Cliquez ici pour prendre le quiz!

Statistiques générales

  • Ce quiz a été pris 120 fois
  • Le résultat moyen est 3 sur 9

Statistiques - réponses

Albums notableRéponse% Correct
Enfants terribles, Adieu bientôtColumbine
77%
Comment c'est loinCasseurs Flowters
48%
Laisse-moi faire, OSITOCaballero
44%
Larosh, AttaqueCaptaine Roshi
40%
5ème chambre, Van BommelChily
22%
Welcome to Skyland, IcôneCheu-B
21%
Quelques gouttes de plusCalbo
18%
Rue de MadridC.O.R
17%
Papillon, A la YouvCanardo
12%

Distribution des résultats

Percentile par nombre de réponses

% des personnes avec chaque résultat

Votre développement - résultats

Vous n’avez pas pris ce quiz